000 00653nam a22002172 4500
001 0000000851
005 20151217154327.0
008 070221s xx 000 0 eng d
020 _a0767420314 :
_cKES 300
040 _aKABU
_cKABU
050 0 _aBS2330.2
_b.H37 2002
100 1 _aHarris, Stephen L.
_@0000149235
245 1 4 _aThe New Testament :
_ba student's introduction /
_cStephen L. Harris.
250 _a4th ed.
260 _aBoston :
_bMcGraw-Hill,
_c2002.
300 _axix, 480 p.
630 0 0 _aBible. N.T.
_xIntroductions.
_@0000149234
908 _a070221
950 _@1
999 _c10506
_d10506